| 000 | 01754nam a2200277Ia 4500 | ||
|---|---|---|---|
| 999 |
_c49560 _d49560 |
||
| 001 | 16492 | ||
| 003 | GE_BSU | ||
| 005 | 20210521181943.0 | ||
| 008 | 181216s ||||ge |||||||||||||| ||geo|| | ||
| 020 | _aISBN 978-9941-18-132-0 | ||
| 040 | _cGE_BSU | ||
| 041 | _ageo | ||
| 080 | _a130.3(082) ც-80 | ||
| 245 |
_aცნობიერების ფილოსოფია : _bქრესტომათია / _cშეადგინა, თარგმნა და წინასიტყვ. დაურთო თამარ ცხადაძემ ; სამეცნ. რედ. ლერი მჭედლიშვილი. |
||
| 264 |
_aთბილისი : _bილიას სახელმწ. უნ-ტი, _c2013. |
||
| 300 |
_a465 გვ. ; _c24 სმ. |
||
| 500 | _aყდაზე : რაულ ჰაუსმანის კომპოზიციის "მექანიკური თავი" ფოტოსურათი | ||
| 500 | _aსაძიებლები გვ. : 458-465 | ||
| 504 | _aბიბლიოგრ. ტექსტ. შენიშვნ. | ||
| 653 | _aფილოსოფია | ||
| 653 | _aქრესტომათია | ||
| 653 | _aცნობიერების ფილოსოფია | ||
| 700 |
_aმჭედლიშვილი, ლერი _eრედაქტორი _911877 |
||
| 710 |
_aილიას სახელმწიფო უნივერსიტეტი _bსავლე წერეთლის სახელობის ფილოსოფიის ინტიტუტი _911878 |
||
| 942 |
_cBK _2udc |
||